000
00282 a2200109 4500
001
51143
040
_c
Anchieta - Pituba
240
1
0
_a
Das fliegende Klassenzimmer
_l
245
1
0
_a
Das fliegende Klassenzimmer
650
4
_a
Línguas germânicas (teutônicas) língua alemã
942
_c
MX
999
_c
51143
_d
51143